00485 2200181 4500001002100000008004100021035002000062245003400082100001600116260004700132300002800179020002200207084001400229082000800243650002600251990001300277990001300290INLIS000000000001032 ind  a0010-0120001032 aSakinah BersamamucAsma Nadia aNadia, Asma aDepok :bAsmanadia Publishing House,c2010 axii, 356 hlm.c20,5 cm. a978-602-96725-5-8 a813 NAD s a813 aFiksi Remaja -- Novel a11900546 a11902913